Lebanon Quiz - Statistics

General Stats
  • This quiz has been taken 113 times
  • The average score is 10 of 17
Answer Stats
Hint Answer % Correct
Capital Beirut
100%
Continent Asia
99%
The official language Arabic
98%
The ______ tree touches the red stripes on the flag green cedar
97%
Lebanon is bordered by_____ to the north and east Syria
97%
Lebanon is bordered by_____ to the south Israel
96%
Located in the ________ region Middle East
85%
Located on the eastern shore of the __________ Mediterranean
75%
President (as of 2022) Michel Aoun
67%
Currency Lebanese Pound
57%
Independence Day November 22
43%
Prime Minister (as of 2022) Najib Mikati
41%
Most popular religion Muslim
37%
National animal Hyena
25%
Population (rounded whole number) 7 million
24%
National flower (Persian _________) Cyclamen
4%
Type of government Democratic Republic
1%
No matching quizzes found
Score Distribution
Percent of People with Each Score
Percentile by Number Answered
Your Score History
You have not taken this quiz